Statistics for Britney Spears Songs

Click here to take the quiz!

General Stats

  • This quiz has been taken 2,464 times
    (2,330 since last reset)
  • The average score is 23 of 89

Answer Stats

Album NameAnswer% Correct
...Baby One More Time...Baby One More Time
96%
Oops!...I Did It AgainOops!...I Did It Again
91%
Toxic
84%
Circus
83%
CircusWomanizer
68%
BritneyI'm A Slave 4 U
64%
(You Drive Me) Crazy
64%
BlackoutGimme More
62%
Lucky
61%
Sometimes
61%
Stronger
57%
Everytime
54%
If U Seek Amy
53%
Piece of Me
50%
In The ZoneMe Against the Music
49%
I'm Not a Girl, Not Yet a Woman
48%
Femme Fatale'Till the World Ends
47%
Overprotected
44%
Radar
44%
Hold It Against Me
42%
Boys
41%
Break the Ice
41%
Born to Make You Happy
40%
I Wanna Go
39%
Criminal
38%
I Love Rock 'N' Roll
34%
From the Bottom of My Broken Heart
33%
Don't Let Me Be the Last to Know
32%
Soda Pop
29%
Outrageous
24%
Cinderella
23%
E-Mail My Heart
23%
Breathe on Me
22%
Dear Diary
22%
Toy Soldier
22%
(I Can't Get No) Satisfaction
21%
I Got That (Boom Boom)
21%
Get Naked (I Got a Plan)
20%
Hot as Ice
20%
Touch of My Hand
18%
Anticipating
17%
Freakshow
17%
Kill the Lights
17%
Don't Go Knockin' on My Door
15%
I Will Be There
15%
Lonely
15%
Shadow
15%
The Beat Goes On
15%
Heaven on Earth
14%
Inside Out
14%
Ooh Ooh Baby
14%
Shattered Glass
14%
What U See (Is What U Get)
14%
Big Fat Bass
13%
Bombastic Love
13%
(Drop Dead) Beautiful
13%
Gasoline
13%
Mmm Papi
13%
Out from Under
13%
Showdown
13%
Unusual You
13%
Why Should I Be Sad
13%
Brave New Girl
12%
Early Mornin'
12%
Lace and Leather
12%
Mannequin
12%
My Baby
12%
Perfect Lover
12%
The Hook Up
12%
Can't Make You Love Me
11%
Up n' Down
11%
What It's Like to Be Me
11%
Blur
10%
How I Roll
10%
I Will Still Love You
10%
Let Me Be
9%
One Kiss From You
8%
Seal It with a Kiss
8%
Thinkin' About You
8%
Trouble for Me
8%
Where Are You Now
8%
He About to Lose Me
7%
Selfish
7%
Trip to Your Heart
7%
When Your Eyes Say It
7%
Don't Keep Me Waiting
6%
That's Where You Take Me
6%
Amnesia
4%
Rock Boy
3%

Score Distribution

Percentile by Number Answered

Percent of People with Each Score

Your Score History

You have not taken this quiz since the last reset